000
00309nam a2200133Ia 4500
005
20251222154314.0
008
251222s9999||||xx |||||||||||||| ||spa||
020
_a
84-376-0866-X
082
_a
868.671/M13M
100
_a
"Machado, Antonio"
245
0
_a
Campos de Castilla
250
_a
9a.ed.
942
_c
LIB
999
_c
33520
_d
33520